The engineers and the price system

Contents: Originally published in 1921. This volume from the Cornell University Library's print collections was scanned on an APT BookScan and converted to JPG 2000 format by Kirtas Technologies. All titles scanned cover to cover and pages may include marks notations and other marginalia presen...

وصف كامل

محفوظ في:
التفاصيل البيبلوغرافية
المؤلف الرئيسي: Veblen, Thorstein
التنسيق: كتاب
اللغة:Undetermined
منشور في: New York A. M. Kelley, bookseller 1965
الموضوعات:
الوسوم: إضافة وسم
لا توجد وسوم, كن أول من يضع وسما على هذه التسجيلة!
Thư viện lưu trữ: Trung tâm Học liệu Trường Đại học Cần Thơ
LEADER 00823nam a2200181Ia 4500
001 CTU_222394
008 210402s9999 xx 000 0 und d
082 |a 338 
082 |b V395 
100 |a Veblen, Thorstein 
245 4 |a The engineers and the price system 
260 |a New York 
260 |b A. M. Kelley, bookseller 
260 |c 1965 
520 |a Contents: Originally published in 1921. This volume from the Cornell University Library's print collections was scanned on an APT BookScan and converted to JPG 2000 format by Kirtas Technologies. All titles scanned cover to cover and pages may include marks notations and other marginalia present in the original volume. 
650 |a Industries,Ngành công nghiệp 
904 |i Tô Chánh Trung 
980 |a Trung tâm Học liệu Trường Đại học Cần Thơ